| 000 | 00434 a2200169 4500 | ||
|---|---|---|---|
| 003 | Nust | ||
| 005 | 20221222122852.0 | ||
| 020 | _a9694280451 | ||
| 040 | _cNust | ||
| 082 | _a297.122, NAD | ||
| 100 |
_a Nadwī,Abd Allāh Abbās. _9105655 |
||
| 245 |
_aVocabulary of the holy Qurʾan _c Nadwī, Abd Allāh Abbās. |
||
| 260 |
_aJiddah : _bDarul - Ishaat |
||
| 300 | _a532:p | ||
| 650 |
_a holy Qurʾan _9105656 |
||
| 942 |
_2ddc _cBK |
||
| 999 |
_c185280 _d185280 |
||